| 000 | 01549nam a2200361 u 4500 | ||
|---|---|---|---|
| 001 | 000035316 | ||
| 003 | OSt | ||
| 005 | 20240508073816.0 | ||
| 007 | ta | ||
| 008 | 111027s2011 dr r 000 0 spa d | ||
| 020 | _a9789945074291 | ||
| 040 |
_aDO-SdBNP _bspa _cBNPHU |
||
| 041 | _hspa | ||
| 082 |
_axxxx _bS194g |
||
| 100 | 1 |
_aSan Miguel, Pedro L. _920508 |
|
| 245 | 1 | 3 |
_aLa guerra silenciosa : _blas luchas sociales en la ruralía dominicana / _cPedro L. San Miguel. ; Juan F. Domínguez Novas, diagración e índice onomástico. |
| 260 |
_aSanto Domingo : _bArchivo General de la Nación, _c2011. |
||
| 300 |
_a307 p. ; _c23 cm. |
||
| 490 | 1 |
_aArchivo General de la Nación _v135 |
|
| 500 | 0 | _aIncluye índice onomástico | |
| 504 | _aIncluye referencias bibliográficas y notas al pie de las páginas | ||
| 504 | _acontiene fuentes y bibliografía, pg. 265-289 | ||
| 505 | 1 | _aPrefacio a la primera edición.- | |
| 505 | 1 | _aPrefacio a la edición Dominicana.- | |
| 505 | 1 |
_aCapítulo I : _t¿Una historia sin campesinos? |
|
| 505 | 1 |
_aCapítulo II : _tUna clase incómoda.- |
|
| 505 | 1 |
_aCapítulo III : _tLa domesticación de la bestia calibanesca.- |
|
| 505 | 1 |
_aCapítulo IV : _tCrónica de una reforma agraria al revés.- |
|
| 505 | 1 |
_aCapítulo V : _tLos campesinos y el gran diseño.- |
|
| 505 | 1 |
_aConcluisiones : _tcampesinado y procesos políticos o la paradoja de la democracia dominicana.- glosario.- Fuentes y bibliografías.- índice onomástico. |
|
| 700 |
_aDomínguez Nova , Juan F. _977355 |
||
| 942 |
_2ddc _cLBS1 |
||
| 999 |
_c34807 _d34807 |
||